| 000 | 01312nam a2200349Ia 4500 | ||
|---|---|---|---|
| 001 | ebr10723907 | ||
| 003 | CaPaEBR | ||
| 006 | m o u | ||
| 007 | cr cn||||||||| | ||
| 008 | 081211s2010 enk sb 001 0 eng d | ||
| 020 | _z0746310714 (hbk.) | ||
| 020 | _z0746310765 (pbk.) | ||
| 020 | _z9780746310717 (hbk.) | ||
| 020 | _z9780746310762 (pbk.) | ||
| 020 | _z9780746312643 | ||
| 040 |
_aCaPaEBR _cCaPaEBR |
||
| 035 | _a(OCoLC)854569482 | ||
| 050 | 1 | 4 |
_aPR6025.A1628 _bZ75 2010eb |
| 082 | 0 | 4 |
_a821.914 _223 |
| 100 | 1 |
_aMacrae, Alasdair D. F., _d1939- |
|
| 245 | 1 | 0 |
_aNorman MacCaig _h[electronic resource] / _cAlasdair Macrae. |
| 260 |
_aTavistock : _bNorthcote House Publishers, _c2010. |
||
| 300 | _axi, 121 p. | ||
| 440 | 0 | _aWriters and their work | |
| 504 | _aIncludes bibliographical references and index. | ||
| 533 |
_aElectronic reproduction. _bPalo Alto, Calif. : _cebrary, _d2013. _nAvailable via World Wide Web. _nAccess may be limited to ebrary affiliated libraries. |
||
| 600 | 1 | 0 |
_aMacCaig, Norman, _d1910-1996 _xCriticism and interpretation. |
| 650 | 0 | _aAuthors, English. | |
| 655 | 7 |
_aElectronic books. _2local |
|
| 710 | 2 | _aebrary, Inc. | |
| 856 | 4 | 0 |
_uhttp://site.ebrary.com/lib/rucke/Doc?id=10723907 _zAn electronic book accessible through the World Wide Web; click to view |
| 999 |
_c38436 _d38436 |
||